00571nam a22002057a 450000500170000001000110001702000100002803500110003803700160004904000120006508200190007710000210009624500680011726000480018527000150023330000240024850000330027265000390030565000210034420170124105937.0 a493516 c00.00 a493516 bCen Lib/Ret aDPLbEN a327.73-54bBRO aBrown, W. Norman aThe United States and India and Pakistan /cby W. Norman Brown  aCambridge bHarvard University Pressc1963  bCambridge  axv, 444p.c20cm(Hb) aIncludes appendix and index  aForeign relation zIndia-Pakistan  aSocial problems